[Event "Polanica Zdroj op-C 56th"]
[Site "Polanica Zdroj"]
[Date "2020.08.23"]
[Round "9"]
[White "Kawalko, Adam"]
[Black "Krzyzosiak, Marta"]
[Result "1-0"]
[WhiteElo "1950"]
[BlackElo "1565"]
[PlyCount "93"]
[EventDate "2020.08.15"]
[EventType "swiss"]
[EventRounds "9"]
[EventCountry "POL"]
[SourceTitle "CBM 198 Extra"]
[Source "ChessBase"]
[SourceDate "2020.11.30"]
[SourceVersion "1"]
[SourceVersionDate "2020.11.30"]
[SourceQuality "1"]

1. e4 c5 2. Nf3 d6 3. d4 cxd4 4. Nxd4 Nf6 5. Nc3 g6 6. Be3 Bg7 7. f3 0-0 8. Qd2 Nc6 9. 0-0-0 d5 10. Nxc6 bxc6 11. exd5 Nxd5 12. Nxd5 cxd5 13. Qxd5 Qxd5 14. Rxd5 a5 15. Rc5 Be6 16. Bc4 Rfb8 17. c3 Bxc4 18. Rxc4 Rb5 19. Rc5 Rab8 20. Rxb5 Rxb5 21. Rd1 f5 22. Kc2 Kf7 23. b3 Be5 24. c4 Rb7 25. Rd5 Bc7 26. f4 Ke6 27. Kc3 Bd6 28. g3 Rb8 29. a4 Bb4+ 30. Kc2 Rb7 31. Bc5 Bxc5 32. Rxc5 Ra7 33. Kc3 Kd6 34. Kd4 Rb7 35. Rb5 Ra7 36. c5+ Kc6 37. Rb6+ Kc7 38. Re6 Kd7 39. Kd5 Ra8 40. Rb6 Ra7 41. h3 Ra8 42. Rb7+ Kd8 43. c6 Ra6 44. Kc5 Ra8 45. Kb6 Rc8 46. Rd7+ Ke8 47. Kb7 1-0

[Event "Polanica Zdroj op-C 56th"]
[Site "Polanica Zdroj"]
[Date "2020.08.22"]
[Round "8"]
[White "Mackowiak, Szymon"]
[Black "Kawalko, Adam"]
[Result "0-1"]
[WhiteElo "1689"]
[BlackElo "1950"]
[PlyCount "78"]
[EventDate "2020.08.15"]
[EventType "swiss"]
[EventRounds "9"]
[EventCountry "POL"]
[SourceTitle "CBM 198 Extra"]
[Source "ChessBase"]
[SourceDate "2020.11.30"]
[SourceVersion "1"]
[SourceVersionDate "2020.11.30"]
[SourceQuality "1"]

1. d4 Nf6 2. c4 e6 3. Nf3 c5 4. e3 cxd4 5. exd4 d5 6. Bg5 Be7 7. Nc3 0-0 8. Bd3 dxc4 9. Bxc4 Nbd7 10. 0-0 Nb6 11. Bb3 Bd7 12. Re1 Bc6 13. Ne5 Bd5 14. Nxd5 Nbxd5 15. Rc1 h6 16. Bh4 Rc8 17. Re2 Rxc1 18. Qxc1 Nb6 19. Nf3 Nfd5 20. Bg3 a5 21. Rc2 a4 22. Bxd5 Nxd5 23. Bc7 Qd7 24. Ne5 Qb5 25. a3 Rc8 26. h3 Bg5 27. Bd6 Rd8 28. f4 Bxf4 29. Qb1 Be3+ 30. Kh1 Bxd4 31. Nf3 Bf6 32. Bc5 Nc3 33. Qg1 Rd1 34. Ne1 Ne2 35. Qf2 Ng3+ 36. Qxg3 Qf1+ 37. Bg1 Rxe1 38. Qf2 Qxf2 39. Rxf2 Bd4 0-1

[Event "Wroclaw op"]
[Site "Wroclaw"]
[Date "2019.08.11"]
[Round "9"]
[White "Zgadzaj, Rafal"]
[Black "Kawalko, Adam"]
[Result "0-1"]
[WhiteElo "2133"]
[BlackElo "1905"]
[PlyCount "74"]
[EventDate "2019.08.05"]
[EventType "swiss"]
[EventRounds "9"]
[EventCountry "POL"]
[SourceTitle "CBM 191 Extra"]
[Source "ChessBase"]
[SourceDate "2019.09.30"]
[SourceVersion "1"]
[SourceVersionDate "2019.09.30"]
[SourceQuality "1"]

1. c4 e5 2. g3 Nc6 3. Bg2 g6 4. Nc3 Bg7 5. d3 d6 6. Rb1 f5 7. Nf3 Nf6 8. 0-0 0-0 9. b4 h6 10. b5 Ne7 11. Qc2 Be6 12. c5 Nfd5 13. Na4 b6 14. cxd6 cxd6 15. Ba3 Rc8 16. Qd2 Qd7 17. e4 Nc7 18. Qb4 Rfd8 19. Nc3 Kf7 20. d4 d5 21. exf5 Bxf5 22. Rbe1 e4 23. Nh4 Ne6 24. Ne2 Rc4 25. Qd2 Nxd4 26. f3 Nxe2+ 27. Qxe2 e3 28. g4 Be6 29. Bxe7 Qxe7 30. Nxg6 Kxg6 31. Qd3+ Kf7 32. f4 Rc3 33. Qd1 d4 34. f5 Bc4 35. f6 Bxf6 36. g5 e2 37. Qb1 Bd3 0-1

[Event "Dobczyce Dominik Memorial 27th"]
[Site "Dobczyce"]
[Date "2019.07.09"]
[Round "6"]
[White "Kawalko, Adam"]
[Black "Slabek, Grzegorz"]
[Result "1/2-1/2"]
[WhiteElo "1920"]
[BlackElo "1953"]
[PlyCount "71"]
[EventDate "2019.07.05"]
[EventType "swiss"]
[EventRounds "9"]
[EventCountry "POL"]
[SourceTitle "EXT 2020"]
[Source "ChessBase"]
[SourceDate "2019.10.17"]
[SourceVersion "1"]
[SourceVersionDate "2019.10.17"]
[SourceQuality "1"]

1. e4 d5 2. exd5 Nf6 3. d4 Nxd5 4. c4 Nb6 5. Nf3 g6 6. Nc3 Bg7 7. c5 Nd5 8. Bc4 c6 9. 0-0 0-0 10. Re1 h6 11. Qb3 Nxc3 12. bxc3 b5 13. Bd3 e6 14. Bf4 Nd7 15. Ne5 Bxe5 16. Bxe5 Nxc5 17. Qc2 Nxd3 18. Qxd3 Qg5 19. Re3 Qf5 20. Qd2 Qg5 21. Qe2 f6 22. f4 Qh5 23. g4 Qh4 24. Bd6 Rf7 25. Qg2 e5 26. Rh3 Qxg4 27. Rg3 Qh5 28. Rxg6+ Qxg6 29. Qxg6+ Rg7 30. Qxg7+ Kxg7 31. fxe5 fxe5 32. Bxe5+ Kg6 33. Rf1 Bf5 34. Ra1 Bc8 35. Rf1 Bf5 36. Bd6 1/2-1/2

[Event "POL-ch U18"]
[Site "Szklarska Poreba"]
[Date "2019.03.16"]
[Round "9"]
[White "Wierzbicki, Michal"]
[Black "Kawalko, Adam"]
[Result "1-0"]
[WhiteElo "1919"]
[BlackElo "1876"]
[PlyCount "59"]
[EventDate "2019.03.09"]
[EventType "swiss"]
[EventRounds "9"]
[EventCountry "POL"]
[SourceTitle "CBM 189 Extra"]
[Source "ChessBase"]
[SourceDate "2019.06.03"]
[SourceVersion "1"]
[SourceVersionDate "2019.06.03"]
[SourceQuality "1"]

1. d4 Nf6 2. Nf3 e6 3. c4 c5 4. d5 b5 5. Bg5 exd5 6. cxd5 d6 7. e4 b4 8. Nbd2 Be7 9. Qb3 0-0 10. Bd3 Bg4 11. Be3 Nbd7 12. Nc4 a5 13. a4 Nb6 14. Nxb6 Qxb6 15. Nd2 Bc8 16. h3 Nd7 17. 0-0 Qc7 18. f4 Bf6 19. Rac1 Re8 20. Rfe1 Bb7 21. Bf2 Qc8 22. Bb5 Ba6 23. Bc6 Bb7 24. Nc4 Bxc6 25. Nxd6 Qa6 26. Nxe8 Rxe8 27. dxc6 Qxc6 28. e5 Be7 29. e6 c4 30. exd7 1-0

[Event "POL-ch U18"]
[Site "Szklarska Poreba"]
[Date "2019.03.13"]
[Round "6"]
[White "Paliwoda, Borys"]
[Black "Kawalko, Adam"]
[Result "1/2-1/2"]
[WhiteElo "1974"]
[BlackElo "1876"]
[PlyCount "122"]
[EventDate "2019.03.09"]
[EventType "swiss"]
[EventRounds "9"]
[EventCountry "POL"]
[SourceTitle "CBM 189 Extra"]
[Source "ChessBase"]
[SourceDate "2019.06.03"]
[SourceVersion "1"]
[SourceVersionDate "2019.06.03"]
[SourceQuality "1"]

1. e4 c5 2. Nf3 d6 3. d4 cxd4 4. Nxd4 Nf6 5. f3 a6 6. c4 e6 7. Nc3 Be7 8. Be3 b6 9. Qd2 Bb7 10. Be2 Qc7 11. Rc1 Nbd7 12. 0-0 0-0 13. Rfd1 Rac8 14. Bf1 Qb8 15. Qf2 Bd8 16. Nc2 Bc7 17. g3 Rfd8 18. b4 Qa8 19. Na4 Rb8 20. Ne1 Bc6 21. Nc3 Rbc8 22. Rd2 d5 23. cxd5 exd5 24. exd5 Nxd5 25. Bxa6 Qxa6 26. Nxd5 Bxd5 27. Rxd5 Qa8 28. Rd3 Qb8 29. Rdc3 Bd6 30. a3 b5 31. Nd3 Ne5 32. Rxc8 Rxc8 33. Rxc8+ Qxc8 34. Nxe5 Bxe5 35. Qd2 h6 36. Bc5 Bf6 37. Qd3 Qc6 38. Kg2 Qe8 39. Kf2 Qc6 40. Qd6 Qxd6 41. Bxd6 Bb2 42. Ke3 f5 43. Kd3 Kf7 44. Bf4 Ke6 45. Kc2 Bf6 46. Kb3 Bd4 47. h4 Bf2 48. a4 bxa4+ 49. Kxa4 g5 50. hxg5 hxg5 51. Bb8 Kd7 52. Kb5 Kc8 53. Be5 Kb7 54. Kc4 g4 55. fxg4 fxg4 56. Kd5 Be1 57. Kc5 Bf2+ 58. Kc4 Kc6 59. b5+ Kb7 60. Kd3 Be1 61. Ke2 Bxg3 1/2-1/2

[Event "POL-chT3 Dolnoslaskie 1718"]
[Site "Poland"]
[Date "2018.02.18"]
[Round "8.9"]
[White "Wilgosz, Jan"]
[Black "Kawalko, Adam"]
[Result "0-1"]
[WhiteElo "1144"]
[BlackElo "1771"]
[PlyCount "67"]
[EventDate "2017.10.08"]
[EventType "team-tourn"]
[EventRounds "11"]
[EventCountry "POL"]
[SourceTitle "EXT 2019"]
[Source "ChessBase"]
[SourceDate "2018.10.10"]
[SourceVersion "1"]
[SourceVersionDate "2018.10.10"]
[SourceQuality "1"]

1. e4 c5 2. Nf3 e6 3. Nc3 a6 4. g3 Nc6 5. Bg2 b5 6. 0-0 Bb7 7. Re1 d6 8. d4 cxd4 9. Nxd4 Nge7 10. Bg5 Nxd4 11. Qxd4 Nc6 12. Qd2 Be7 13. Bf4 0-0 14. Rad1 Ne5 15. b3 Qc7 16. Ne2 Rac8 17. Bxe5 dxe5 18. c3 Rfd8 19. Qc1 Bc5 20. Rxd8+ Rxd8 21. h4 Bb6 22. Rd1 Rd6 23. Rd2 Qd7 24. Rxd6 Qxd6 25. Qc2 Kf8 26. Nc1 Ke7 27. Qd3 Qxd3 28. Nxd3 Kd6 29. Kf1 f5 30. f3 g6 31. a3 Bc6 32. Ke2 h5 33. Nf2 Be8 34. Bf1 0-1

[Event "Wroclaw op"]
[Site "Wroclaw"]
[Date "2017.08.15"]
[Round "9"]
[White "Krzyzosiak, Anna"]
[Black "Kawalko, Adam"]
[Result "1-0"]
[WhiteElo "1518"]
[BlackElo "1848"]
[PlyCount "81"]
[EventDate "2017.08.10"]
[EventType "swiss"]
[EventRounds "9"]
[EventCountry "POL"]
[SourceTitle "CBM 180 Extra"]
[Source "ChessBase"]
[SourceDate "2017.10.06"]
[SourceVersion "1"]
[SourceVersionDate "2017.10.06"]
[SourceQuality "1"]

1. e4 c5 2. Nf3 e6 3. d3 Nc6 4. Nbd2 d5 5. g3 Nf6 6. Bg2 Be7 7. 0-0 0-0 8. e5 Nd7 9. Re1 Qc7 10. Qe2 b5 11. Nf1 a5 12. c3 b4 13. h4 Ba6 14. N1h2 Rfe8 15. h5 h6 16. Ng4 Bf8 17. Bf4 bxc3 18. bxc3 Rab8 19. Qd2 Qd8 20. Nh4 Qe7 21. c4 Nb4 22. a3 Nxd3 23. Qxd3 Bxc4 24. Qd2 a4 25. Nxh6+ gxh6 26. Bxh6 Bxh6 27. Qxh6 Qf8 28. Qf4 Rb3 29. Re3 Reb8 30. Nf3 Rb1+ 31. Rxb1 Rxb1+ 32. Kh2 d4 33. Re4 Bd5 34. Qg5+ Qg7 35. Qd8+ Nf8 36. Rh4 Qh6 37. Ng5 Bxg2 38. Kxg2 Rb7 39. Rg4 Kh8 40. Ne4 Rd7 41. Nf6 1-0

[Event "Wroclaw op"]
[Site "Wroclaw"]
[Date "2017.08.12"]
[Round "4"]
[White "Kawalko, Adam"]
[Black "Van der Veen, Ronald"]
[Result "0-1"]
[WhiteElo "1848"]
[BlackElo "2002"]
[PlyCount "46"]
[EventDate "2017.08.10"]
[EventType "swiss"]
[EventRounds "9"]
[EventCountry "POL"]
[SourceTitle "CBM 180 Extra"]
[Source "ChessBase"]
[SourceDate "2017.10.06"]
[SourceVersion "1"]
[SourceVersionDate "2017.10.06"]
[SourceQuality "1"]

1. e4 d5 2. exd5 Nf6 3. d4 Nxd5 4. Nf3 g6 5. Be2 Bg7 6. 0-0 0-0 7. c4 Nb6 8. Nc3 Bf5 9. Bf4 c6 10. Re1 N8d7 11. Qd2 Nf6 12. Bh6 Qc7 13. Bxg7 Kxg7 14. Rad1 Rad8 15. b3 Nbd7 16. Qe3 Rfe8 17. Bd3 Bxd3 18. Rxd3 e5 19. dxe5 Ng4 20. Qd2 Ndxe5 21. Nxe5 Rxe5 22. Rxd8 Qxd8 23. Rd1 Qxd2 0-1

[Event "POL-chT U20 2nd League"]
[Site "Szczyrk"]
[Date "2017.07.26"]
[Round "6.78"]
[White "Kawalko, Adam"]
[Black "Majocha, Piotr"]
[Result "1/2-1/2"]
[WhiteElo "1848"]
[BlackElo "1889"]
[PlyCount "106"]
[EventDate "2017.07.22"]
[EventType "team-swiss"]
[EventRounds "11"]
[EventCountry "POL"]
[SourceTitle "EXT 2019"]
[Source "ChessBase"]
[SourceDate "2018.10.10"]
[SourceVersion "1"]
[SourceVersionDate "2018.10.10"]
[SourceQuality "1"]

1. e4 e6 2. d4 d5 3. Nc3 Bb4 4. e5 c5 5. a3 Bxc3+ 6. bxc3 Qa5 7. Bd2 c4 8. Be2 Ne7 9. f4 Bd7 10. Nf3 Nbc6 11. 0-0 Qa4 12. Qb1 b6 13. Qb2 h6 14. Rfb1 Rg8 15. Kh1 0-0-0 16. Rf1 Rh8 17. Nh4 Rdg8 18. Nf3 Nd8 19. Qb4 Qxb4 20. axb4 Kb7 21. Ra2 Bb5 22. Kg1 Ndc6 23. Rb1 Ra8 24. Nh4 g6 25. g4 Nb8 26. Bf1 h5 27. g5 Na6 28. Bg2 Nc7 29. Rba1 Nc6 30. Nf3 a6 31. Bc1 Ra7 32. Nd2 Rha8 33. Nb1 a5 34. Bd2 axb4 35. Rxa7+ Rxa7 36. Rxa7+ Kxa7 37. cxb4 Nxd4 38. c3 Nf5 39. Bh3 Ne7 40. Be3 Ba4 41. Na3 Nb5 42. Nxb5+ Bxb5 43. Kf2 Ba4 44. Ke1 Bc2 45. Kd2 Be4 46. Kc1 Ka6 47. Kb2 Kb5 48. Ka3 Bf5 49. Bg2 Bg4 50. Bf2 Be2 51. h4 Bd3 52. Bh3 d4 53. Be3 Nd5 1/2-1/2

[Event "POL-chT U20 2nd League"]
[Site "Szczyrk"]
[Date "2017.07.22"]
[Round "1.7"]
[White "Kokoszczynski, Jan"]
[Black "Kawalko, Adam"]
[Result "1-0"]
[WhiteElo "2130"]
[BlackElo "1848"]
[PlyCount "115"]
[EventDate "2017.07.22"]
[EventType "team-swiss"]
[EventRounds "11"]
[EventCountry "POL"]
[SourceTitle "EXT 2019"]
[Source "ChessBase"]
[SourceDate "2018.10.10"]
[SourceVersion "1"]
[SourceVersionDate "2018.10.10"]
[SourceQuality "1"]

1. d4 Nf6 2. c4 c5 3. d5 e6 4. Nc3 exd5 5. cxd5 d6 6. Nf3 g6 7. Nd2 a6 8. a4 Bg7 9. Nc4 0-0 10. Bf4 Ne8 11. Qd2 Bf5 12. e3 Qe7 13. Be2 g5 14. Bg3 Nd7 15. 0-0 Ne5 16. Bxe5 Bxe5 17. Nxe5 Qxe5 18. e4 Bg6 19. Rae1 Nf6 20. Bd3 Rfe8 21. Bb1 Rab8 22. f3 b5 23. axb5 axb5 24. g3 b4 25. Nd1 Rb7 26. Ne3 Qe7 27. Nf5 Bxf5 28. exf5 Qf8 29. Qxg5+ Qg7 30. Rxe8+ Nxe8 31. Qxg7+ Kxg7 32. g4 Re7 33. Kf2 Nc7 34. Rd1 Re5 35. Be4 Nb5 36. Ke3 c4 37. Ra1 c3 38. bxc3 Nxc3 39. Kd4 Kf6 40. h4 h6 41. Ra6 Ke7 42. f6+ Kd7 43. Rb6 Na2 44. Kc4 Nc3 45. Kd4 Na2 46. Rb7+ Kc8 47. Rb5 Kc7 48. h5 Re8 49. Bb1 Nc3 50. Rxb4 Nxb1 51. Rxb1 Re2 52. Ra1 Kb7 53. Ra3 Rd2+ 54. Rd3 Re2 55. Re3 Rd2+ 56. Kc4 Rc2+ 57. Kd3 Rc5 58. Re7+ 1-0

[Event "Polanica Zdroj op-C 52nd"]
[Site "Polanica Zdroj"]
[Date "2016.08.28"]
[Round "9"]
[White "Kawalko, Adam"]
[Black "Banasik, Henryk"]
[Result "0-1"]
[WhiteElo "1646"]
[BlackElo "1903"]
[PlyCount "94"]
[EventDate "2016.08.20"]
[EventType "swiss"]
[EventRounds "9"]
[EventCountry "POL"]
[SourceTitle "CBM 174 Extra"]
[Source "ChessBase"]
[SourceDate "2016.10.10"]
[SourceVersion "1"]
[SourceVersionDate "2016.10.10"]
[SourceQuality "1"]

1. e4 c5 2. Nf3 e6 3. d4 cxd4 4. Nxd4 a6 5. c4 Qc7 6. Be3 Nf6 7. Bd3 Bd6 8. Nc3 Nc6 9. g3 h5 10. Qd2 Ng4 11. Nc2 Nxe3 12. Nxe3 Bb4 13. a3 Nd4 14. Be2 Nb3 15. Qd1 Bxc3+ 16. bxc3 Nxa1 17. Qxa1 b6 18. Qd1 Bb7 19. Bf3 Qe5 20. Qd4 Qxd4 21. cxd4 f5 22. d5 fxe4 23. Bxe4 b5 24. Bg6+ Kf8 25. 0-0 Rh6 26. Bd3 bxc4 27. Bxc4 exd5 28. Bxd5 Bxd5 29. Nxd5 Rb8 30. Rc1 Rc6 31. Re1 h4 32. gxh4 Rg6+ 33. Kf1 Rg4 34. Re3 Rb1+ 35. Ke2 Rb2+ 36. Kf3 Rxh4 37. Kg3 Rd4 38. Rf3+ Ke8 39. Nc7+ Ke7 40. Nxa6 Rd6 41. Nc5 Rg6+ 42. Kh3 Rb5 43. Re3+ Kd8 44. Re5 Kc8 45. Re8+ Kc7 46. Re5 Kd6 47. Ne4+ Kxe5 0-1

[Event "Polanica Zdroj op-C 52nd"]
[Site "Polanica Zdroj"]
[Date "2016.08.28"]
[Round "5"]
[White "Kawalko, Adam"]
[Black "Koscielny, Edmond"]
[Result "0-1"]
[WhiteElo "1646"]
[BlackElo "1913"]
[PlyCount "80"]
[EventDate "2016.08.20"]
[EventType "swiss"]
[EventRounds "9"]
[EventCountry "POL"]
[SourceTitle "CBM 174 Extra"]
[Source "ChessBase"]
[SourceDate "2016.10.10"]
[SourceVersion "1"]
[SourceVersionDate "2016.10.10"]
[SourceQuality "1"]

1. e4 d6 2. d4 Nf6 3. Nc3 g6 4. f4 Bg7 5. Nf3 0-0 6. Bd3 c6 7. 0-0 Nbd7 8. Qe2 Qb6 9. Kh1 Re8 10. e5 dxe5 11. dxe5 Nd5 12. Nxd5 cxd5 13. c3 Nc5 14. Be3 Qc7 15. Bc2 b6 16. Bd4 Ba6 17. Qe3 Bxf1 18. Rxf1 Ne6 19. f5 Nxd4 20. Qxd4 Qc4 21. Qxc4 dxc4 22. Re1 e6 23. f6 Bf8 24. Be4 Rac8 25. h4 Bc5 26. g4 Red8 27. h5 Rd7 28. hxg6 hxg6 29. b4 cxb3 30. axb3 Rcd8 31. Bc2 a5 32. Re2 b5 33. Rh2 Be3 34. g5 Rc8 35. Rh6 Rxc3 36. Bxg6 fxg6 37. Rxg6+ Kh8 38. Kg2 Rh7 39. f7 Rxf7 40. Rxe6 Bc5 0-1